000 00647cam a22002293a 4500
001 20902
003 PGUSA
005 20140828083438.0
008 070325s2007||||xxu|||||s|||||000 | eng d
040 _aPGUSA
_beng
042 _adc
050 4 _aGN
100 1 _aLang, Andrew,
_d1844-1912
245 1 4 _aThe Clyde Mystery :
_ba Study in Forgeries and Folklore
_h[electronic resource] /
_cAndrew Lang
260 _bProject Gutenberg,
_c2007
506 _aPublic domain in the USA.
516 _aElectronic text
653 _aArchaeology
830 0 _aProject Gutenberg
_v20902
856 4 0 _uhttp://www.gutenberg.org/ebooks/20902
942 _cEB
999 _c250157
_d250157